01540na a2200433 450000100060000000300080000600500170001400800410003103500100007204000250008204100080010708200340011509000330014911100540018222200360023624501000027224600480037224600320042024600160045224600260046826000220049430000180051649000400053461000490057461000470062365100470067065700300071765700220074765700310076974000380080074000320083874000260087074000310089674000160092783000200094394200130096395201150097699900150109117807MIRAKIL20181213155122.0161104b tu 000 0  a17807 aMilasbturcTR-AnCHP atur aCHP 324.2372bC36b 1939 Üye aCHP 324.2372 C36b 1939 Üye aCHP Olağan KurultaycAnkarad29 Mayıs 1939n5. a5. Büyük Kurultay üyeleri aC.H.P. Büyük Kurultay azalarının isimeribAnkara, 29 Mayıs 1939cCumhuriyet Halk Partisi aCHP Büyük Kurultay azalarının isimeri aCHP 5. Büyük Kurultayı a5. Kurultay a5. Büyük Kurultay aAnkarabCHPc1939 a69 s.c24 sm. aCumhuriyet Halk Partisi yayınları aCumhuriyet Halk PartisixÜyeleryKayıtlar aCumhuriyet Halk PartisixKurultaylary1939 aTürkiyexSiyaset ve yönetimy1938-1945 aCHP büyük kurultaylar aCHP kurultayları aCHP Olağan Kurultayları aCHP Büyük kurultay üyeleri aCHP 5. Büyük Kurultayı a5. Büyük Kurultay aCHP 5. Olağan Kurultayı a5. Kurultay aCHP yayınları 2ddccBKS a0001b0001d2016-11-04e2l0oCHP 324.2372 C36b 1939 Üyep009088r2016-11-04 00:00:00v0.00w2016-11-04yBKS c6879d6879